000
00320nam a2200133Ia 4500
008
240624s9999 xx 000 0 und d
041
_a
eng
082
_a
823 BUS
100
_a
BUSSI MICHEL
245
_a
DON T LET GO
260
_c
2017
_a
New Delhi
_b
Weidenfeld & Nicolson
300
_a
324 p.; 19 cm.
365
_c
RS
_b
30
999
_c
29490
_d
29490